Normal view
MARC view
Entry Personal Name
001 - CONTROL NUMBER
- control field: 275360
003 - CONTROL NUMBER IDENTIFIER
- control field: OSt
005 - DATE AND TIME OF LATEST TRANSACTION
- control field: 20220925211742.0
008 - FIXED-LENGTH DATA ELEMENTS
- fixed length control field: 220925|| aca||aabn | a|a d
040 ## - CATALOGING SOURCE
- Original cataloging agency: OSt
- Transcribing agency: OSt
100 ## - HEADING--PERSONAL NAME
- Personal name: Smyth G Carmichael Ed
670 ## - SOURCE DATA FOUND
- Source citation: Work cat.: (OSt)558641: Smyth G Carmichael Ed., History of the reigning fanily of lahore with some, 1961
